000
00329nam a2200133Ia 4500
008
230516s9999 xx 000 0 und d
041
_a
eng
082
_a
615.1/PIL
100
_a
K. K. Pillai
245
_a
EXPERIMENTAL PHARMACOLOGY
260
_b
CBS Publication
_c
1999
300
_a
124
650
_a
PHARMACOLOGY AND TOXICOLOGY
999
_c
390281
_d
390281